00521nam a22001697a 450000500170000001000130001702000260003003500120005603700160006808200110008410000220009524500700011724600310018726000530021827000590027130000210033020220811114658.0 aUR-11668 a9789391238216c250.00 aU-10223 bDBAD/PUBa- a841.08 aخالدہ ناز aدر سیات :bتنقید ی مضا مین /cخالدہ ناز aDarsiyat /bby Khalida Naz aNew DelhibEducational Publishing Housec2021 ء aH.O. D1/16, Ansari Road, Darya GanjbNew Delhie110002 a196 صc23cm(Hb)